[Event "Mitropa Cup"]
[Site "Apolda"]
[Date "2024.02.19"]
[Round "5.12"]
[White "Gallagher, Joseph G"]
[Black "Nemec, Jachym"]
[Result "1-0"]
[WhiteElo "2423"]
[BlackElo "2396"]
[PlyCount "87"]
[EventDate "2024.02.15"]
[EventType "team-tourn"]
[EventRounds "9"]
[EventCountry "GER"]
[SourceTitle "CB09_2024"]
[SourceDate "2024.02.28"]
[SourceVersion "1"]
[SourceVersionDate "2024.02.28"]
[SourceQuality "1"]
[WhiteTeam "Switzerland"]
[BlackTeam "Czech Republic"]
[WhiteTeamCountry "SUI"]
[BlackTeamCountry "CZE"]

1. e4 c5 2. Nf3 Nc6 3. Bb5 e6 4. 0-0 Nge7 5. Nc3 a6 6. Bxc6 Nxc6 7. d4 cxd4 8. Nxd4 Qc7 9. Nxc6 dxc6 10. a4 a5 11. f4 Bc5+ 12. Kh1 b6 13. Qg4 f6 14. Qh5+ Qf7 15. Qf3 Ba6 16. Rd1 0-0 17. Be3 Qe7 18. Bxc5 bxc5 19. Rd2 Rad8 20. Rad1 Rxd2 21. Rxd2 e5 22. h3 Rb8 23. Nd1 exf4 24. Qxf4 Re8 25. Nc3 c4 26. Qd6 Bb7 27. Qd4 Kh8 28. Qxc4 f5 29. e5 Qxe5 30. Re2 Qb8 31. Qf4 c5 32. Qxb8 Rxb8 33. Re5 Rd8 34. Re7 Bc6 35. Rc7 Be4 36. Rxc5 h6 37. Rxa5 Rd2 38. Nxe4 fxe4 39. Kg1 e3 40. Re5 Rxc2 41. Rxe3 Rxb2 42. Ra3 Rb6 43. a5 Ra6 44. Kf2 1-0

[Event "SUI-ch 122nd"]
[Site "Leukerbad"]
[Date "2023.07.23"]
[Round "9"]
[White "Hasenohr, Benedict"]
[Black "Gallagher, Joseph G"]
[Result "1/2-1/2"]
[WhiteElo "2273"]
[BlackElo "2432"]
[PlyCount "175"]
[EventDate "2023.07.15"]
[EventType "tourn"]
[EventRounds "9"]
[EventCountry "SUI"]
[EventCategory "5"]
[SourceTitle "CBM 215 Extra"]
[Source "ChessBase"]
[SourceDate "2023.09.30"]
[SourceVersion "1"]
[SourceVersionDate "2023.09.30"]
[SourceQuality "1"]

1. d4 Nf6 2. Nc3 d5 3. Bf4 a6 4. e3 e6 5. a3 c5 6. dxc5 Bxc5 7. Bd3 Nc6 8. Nf3 Bd6 9. Bg5 h6 10. Bh4 Be7 11. Qe2 b5 12. Bg3 0-0 13. e4 b4 14. exd5 exd5 15. axb4 Bxb4 16. 0-0 Re8 17. Qd1 Bb7 18. Ne2 Bc5 19. c3 a5 20. Bb5 Qb6 21. Ned4 Re4 22. Bd3 Ree8 23. Nb5 Rac8 24. Nd6 Bxd6 25. Bxd6 Ba6 26. Bxa6 Qxa6 27. Bf4 Qb5 28. Bc1 Ne4 29. Qa4 Qd3 30. Qd1 Qb5 31. h3 Re6 32. Ra4 Nc5 33. Rg4 Nd3 34. Nd4 Nxd4 35. Rxd4 Nxb2 36. Bxb2 Qxb2 37. Rxd5 Qxc3 38. Qa1 Ra6 39. Rd8+ Kh7 40. Qb1+ Rg6 41. Rd5 a4 42. Rfd1 a3 43. h4 Qc2 44. Ra5 Rf6 45. Rxa3 Rxf2 46. Rg3 Rf4 47. Qxc2+ Rxc2 48. Rf1 Rcc4 49. Rgf3 Rxf3 50. Rxf3 f6 51. g3 Rc2 52. h5 Rc5 53. g4 Rc4 54. Rg3 Rc2 55. Ra3 Rc4 56. Rg3 f5 57. gxf5 Rf4 58. Kg2 Rxf5 59. Rh3 Ra5 60. Rh1 Ra3 61. Rb1 Ra5 62. Rh1 Kg8 63. Kg3 Kf7 64. Kg4 Kf6 65. Rf1+ Ke6 66. Re1+ Re5 67. Ra1 Re4+ 68. Kf3 Kf5 69. Ra7 Rf4+ 70. Kg3 Rg4+ 71. Kh3 Rg1 72. Ra5+ Ke6 73. Ra6+ Kd5 74. Ra5+ Kd6 75. Ra6+ Kc7 76. Ra7+ Kb6 77. Rd7 Rg5 78. Kh4 Kc6 79. Ra7 Kd6 80. Ra6+ Ke7 81. Ra7+ Kf6 82. Ra6+ Kf7 83. Ra7+ Kg8 84. Ra8+ Kh7 85. Ra7 Re5 86. Ra4 Re8 87. Rb4 Kg8 88. Rf4 1/2-1/2

[Event "SUI-ch 122nd"]
[Site "Leukerbad"]
[Date "2023.07.17"]
[Round "3"]
[White "Gallagher, Joseph G"]
[Black "Gaehwiler, Gabriel"]
[Result "1/2-1/2"]
[WhiteElo "2432"]
[BlackElo "2381"]
[PlyCount "69"]
[EventDate "2023.07.15"]
[EventType "tourn"]
[EventRounds "9"]
[EventCountry "SUI"]
[EventCategory "5"]
[SourceTitle "CBM 215 Extra"]
[Source "ChessBase"]
[SourceDate "2023.09.30"]
[SourceVersion "1"]
[SourceVersionDate "2023.09.30"]
[SourceQuality "1"]

1. e4 e5 2. Nf3 Nf6 3. Nxe5 d6 4. Nf3 Nxe4 5. Nc3 Nf6 6. d4 Be7 7. Bd3 0-0 8. h3 Re8 9. 0-0 Nbd7 10. Ne2 b6 11. Ng3 g6 12. a4 a5 13. c3 Bb7 14. Ng5 Bf8 15. Qb3 Bd5 16. Bc4 c6 17. Bxd5 Nxd5 18. Bd2 Bg7 19. Rfe1 Nf8 20. Rxe8 Qxe8 21. Re1 Qd7 22. c4 Nb4 23. d5 cxd5 24. cxd5 b5 25. axb5 Qxb5 26. Bxb4 Qxb4 27. Qxb4 axb4 28. Re4 Rb8 29. b3 h6 30. Nf3 Nd7 31. Rc4 Nf6 32. Ne4 Nxd5 33. Nxd6 Bf8 34. Ne4 Bg7 35. g3 1/2-1/2

[Event "Mitropa Cup"]
[Site "Mali Losinj"]
[Date "2023.04.19"]
[Round "9.18"]
[White "Gallagher, Joseph G"]
[Black "Deuer, Marius"]
[Result "0-1"]
[WhiteElo "2444"]
[BlackElo "2336"]
[PlyCount "68"]
[EventDate "2023.04.11"]
[EventType "team-tourn"]
[EventRounds "9"]
[EventCountry "CRO"]
[SourceTitle "CBM 213 Extra"]
[Source "ChessBase"]
[SourceDate "2023.05.31"]
[SourceVersion "1"]
[SourceVersionDate "2023.05.31"]
[SourceQuality "1"]
[WhiteTeam "Switzerland"]
[BlackTeam "Germany"]
[WhiteTeamCountry "SUI"]
[BlackTeamCountry "GER"]

1. e4 c6 2. d4 d5 3. Nc3 dxe4 4. Nxe4 Nf6 5. Nxf6+ exf6 6. c3 Bd6 7. Bd3 0-0 8. Qc2 Re8+ 9. Ne2 h5 10. 0-0 h4 11. h3 Nd7 12. Bd2 Nf8 13. Rae1 g6 14. f4 f5 15. Kh1 Ne6 16. Ng1 Bd7 17. Bc1 Ng7 18. Rxe8+ Bxe8 19. c4 Nh5 20. Ne2 Bd7 21. b3 Qf6 22. Rf3 Kh7 23. Bb2 Qe7 24. c5 Bc7 25. d5 cxd5 26. Qc3 d4 27. Qxd4 Re8 28. Rf1 Bc6 29. Bc4 Rd8 30. Qc3 Qe4 31. Rf3 Qb1+ 32. Kh2 Bxf3 33. gxf3 Qf1 34. b4 Qf2+ 0-1

[Event "Mitropa Cup"]
[Site "Mali Losinj"]
[Date "2023.04.13"]
[Round "3.2"]
[White "Gallagher, Joseph G"]
[Black "Haring, Filip"]
[Result "1/2-1/2"]
[WhiteElo "2444"]
[BlackElo "2477"]
[PlyCount "106"]
[EventDate "2023.04.11"]
[EventType "team-tourn"]
[EventRounds "9"]
[EventCountry "CRO"]
[SourceTitle "CBM 213 Extra"]
[Source "ChessBase"]
[SourceDate "2023.05.31"]
[SourceVersion "1"]
[SourceVersionDate "2023.05.31"]
[SourceQuality "1"]
[WhiteTeam "Switzerland"]
[BlackTeam "Slovakia"]
[WhiteTeamCountry "SUI"]
[BlackTeamCountry "SVK"]

1. e4 c5 2. Nf3 Nc6 3. Nc3 e6 4. d4 cxd4 5. Nxd4 Qc7 6. Be2 Nf6 7. 0-0 Be7 8. Kh1 0-0 9. f4 d6 10. Be3 Bd7 11. Nb3 Rfd8 12. Bf3 Rac8 13. Qd2 Qb8 14. a4 Nb4 15. Qf2 b6 16. a5 Re8 17. Rfc1 Bd8 18. axb6 Bxb6 19. Bxb6 Qxb6 20. Kg1 e5 21. fxe5 dxe5 22. Rxa7 Qb8 23. Rca1 Be6 24. R1a3 Nc6 25. R7a6 Nd4 26. Nxd4 exd4 27. Qxd4 Qxb2 28. h3 Qxc2 29. Nd5 Nd7 30. Ra1 h6 31. Ne3 Qc7 32. Bg4 Nc5 33. Ra7 Qg3 34. Bxe6 Nxe6 35. Nf5 Qg5 36. Qd7 Qf6 37. Ne7+ Rxe7 38. Qxe7 Qd4+ 39. Kh1 Ng5 40. h4 Nxe4 41. Qxf7+ Kh8 42. R7a4 Qe5 43. Ra8 Ng3+ 44. Kg1 Ne2+ 45. Kf1 Ng3+ 46. Kg1 Ne2+ 47. Kf1 Ng3+ 48. Kf2 Ne4+ 49. Kg1 Qd4+ 50. Kh2 Qe5+ 51. Kg1 Qd4+ 52. Kh2 Qe5+ 53. Kg1 Qd4+ 1/2-1/2

[Event "SUI-chT"]
[Site "Switzerland"]
[Date "2022.09.03"]
[Round "4.1"]
[White "Bauer, Christian"]
[Black "Gallagher, Joseph G"]
[Result "0-1"]
[WhiteElo "2596"]
[BlackElo "2441"]
[PlyCount "126"]
[EventDate "2022.05.01"]
[EventType "team-tourn"]
[EventRounds "9"]
[EventCountry "SUI"]
[SourceTitle "EXT 2023"]
[Source "ChessBase"]
[SourceDate "2022.10.05"]
[SourceVersion "1"]
[SourceVersionDate "2022.10.05"]
[SourceQuality "1"]
[WhiteTeam "Zuerich"]
[BlackTeam "Nimzowitsch"]
[WhiteTeamCountry "SUI"]
[BlackTeamCountry "SUI"]

1. d4 Nf6 2. Bf4 g6 3. Nc3 d5 4. e3 c6 5. h3 Bg7 6. Nf3 0-0 7. Bd3 c5 8. 0-0 cxd4 9. exd4 Nc6 10. Re1 Nb4 11. Bf1 Bf5 12. Re2 Rc8 13. a3 Nc6 14. Re1 Ne4 15. Ne2 Qb6 16. b3 Rfd8 17. Be3 Qc7 18. Nh4 Bd7 19. g3 h6 20. Bg2 g5 21. Nf3 Bf5 22. h4 Na5 23. hxg5 hxg5 24. Rc1 Bf6 25. Ne5 Nxf2 26. Bxf2 Bxc2 27. Qd2 Nxb3 28. Qe3 Nxc1 29. Rxc1 Qd6 30. Bh3 Rc7 31. Rf1 Be4 32. Ng4 Kg7 33. Be1 Rh8 34. Nf2 Bg6 35. Bb4 Qa6 36. Bg4 Qb5 37. Bf3 Qd7 38. Nc3 Qe6 39. Qd2 Qf5 40. Bg4 Qc2 41. Qxc2 Bxc2 42. Nxd5 Bxd4 43. Kg2 Rc4 44. Bxe7 Rh6 45. Be2 Ra4 46. Bxg5 Re6 47. Bf3 Rxa3 48. Nf4 Re5 49. Bd8 Re8 50. Bh4 b5 51. Nh5+ Kf8 52. Bd5 Re5 53. Nf6 Rf5 54. g4 Bxf6 55. gxf5 Bxh4 56. Rh1 Rg3+ 57. Kf1 Bf6 58. Rh7 Bg7 59. Rh5 b4 60. Ne4 Re3 61. Ng5 b3 62. Bxf7 b2 63. Ba2 Ra3 0-1

[Event "SUI-ch 121st"]
[Site "Samnaun"]
[Date "2022.07.08"]
[Round "7"]
[White "Gallagher, Joseph G"]
[Black "Gschnitzer, Adrian"]
[Result "1/2-1/2"]
[WhiteElo "2447"]
[BlackElo "2433"]
[PlyCount "31"]
[EventDate "2022.07.04"]
[EventType "swiss"]
[EventRounds "9"]
[EventCountry "SUI"]
[SourceTitle "CBM 209 Extra"]
[Source "ChessBase"]
[SourceDate "2022.09.30"]
[SourceVersion "1"]
[SourceVersionDate "2022.09.30"]
[SourceQuality "1"]

1. e4 c6 2. d4 d5 3. Nc3 dxe4 4. Nxe4 Bf5 5. Ng3 Bg6 6. Nf3 Nf6 7. Bc4 Nbd7 8. 0-0 e6 9. Re1 Be7 10. Nh4 0-0 11. Nxg6 hxg6 12. c3 c5 13. Be3 cxd4 14. Bxd4 Qc7 15. Bb3 Bc5 16. Ne4 1/2-1/2

[Event "SUI-ch 121st"]
[Site "Samnaun"]
[Date "2022.07.08"]
[Round "6"]
[White "Schlegel, Igor"]
[Black "Gallagher, Joseph G"]
[Result "1/2-1/2"]
[WhiteElo "2194"]
[BlackElo "2447"]
[PlyCount "147"]
[EventDate "2022.07.04"]
[EventType "swiss"]
[EventRounds "9"]
[EventCountry "SUI"]
[SourceTitle "CBM 209 Extra"]
[Source "ChessBase"]
[SourceDate "2022.09.30"]
[SourceVersion "1"]
[SourceVersionDate "2022.09.30"]
[SourceQuality "1"]

1. e4 c5 2. Nf3 e6 3. g3 Nc6 4. Bg2 Nf6 5. Qe2 e5 6. 0-0 Be7 7. Nc3 0-0 8. Nd5 d6 9. c3 h6 10. d3 Re8 11. a4 Bf8 12. Qc2 Nxd5 13. exd5 Ne7 14. Qb3 Qc7 15. Qc4 a5 16. Nd2 Bf5 17. Rd1 Bg6 18. Qb5 Bh5 19. Re1 f6 20. Nc4 Bf7 21. Ne3 Reb8 22. Qc4 Qd7 23. f4 Nc8 24. Rf1 b5 25. axb5 Nb6 26. Qe4 Qxb5 27. fxe5 dxe5 28. Qf5 Qd7 29. Qxd7 Nxd7 30. Nc4 Nb6 31. Nxb6 Rxb6 32. Ra2 Rb3 33. Be4 Bd6 34. Kf2 f5 35. Bxf5 Bxd5 36. Be4 Bxe4 37. dxe4 a4 38. Rd1 Ra6 39. Ke2 c4 40. Kd2 Kf7 41. Kc2 Ke6 42. Rd5 Rb7 43. Be3 Rf7 44. Ra1 Rf3 45. Bg1 h5 46. Rad1 h4 47. Bc5 Bxc5 48. Rxc5 Rd6 49. gxh4 Rf2+ 50. Kc1 Rxd1+ 51. Kxd1 Rxb2 52. Rxc4 a3 53. Kc1 Rxh2 54. Kb1 Rxh4 55. Ka2 g5 56. Kxa3 g4 57. Rc8 Kf7 58. Rc7+ Kf6 59. Rc8 Kg5 60. c4 g3 61. Rg8+ Kf4 62. c5 Rh1 63. Kb4 Kf3 64. Kc4 g2 65. Kd5 g1Q 66. Rxg1 Rxg1 67. Kxe5 Rg5+ 68. Kd4 Kf4 69. c6 Rg1 70. Kd5 Rc1 71. Kd6 Kxe4 72. c7 Kf5 73. Kd7 Rxc7+ 74. Kxc7 1/2-1/2

[Event "Mitropa Cup"]
[Site "Corte"]
[Date "2022.05.08"]
[Round "9.3"]
[White "Sahidi, Samir"]
[Black "Gallagher, Joseph G"]
[Result "1-0"]
[WhiteElo "2440"]
[BlackElo "2441"]
[PlyCount "75"]
[EventDate "2022.04.30"]
[EventType "team-tourn"]
[EventRounds "9"]
[EventCountry "FRA"]
[SourceTitle "CBM 208 Extra"]
[Source "ChessBase"]
[SourceDate "2022.07.31"]
[SourceVersion "1"]
[SourceVersionDate "2022.07.31"]
[SourceQuality "1"]
[WhiteTeam "Slovakia"]
[BlackTeam "Switzerland"]
[WhiteTeamCountry "SVK"]
[BlackTeamCountry "SUI"]

1. d4 Nf6 2. c4 g6 3. Nc3 Bg7 4. e4 d6 5. Nf3 0-0 6. Be2 e5 7. 0-0 Nc6 8. d5 Ne7 9. Be3 Ng4 10. Bg5 f6 11. Bh4 Nh6 12. Ne1 g5 13. Bg3 Ng6 14. Nc2 f5 15. exf5 Nxf5 16. Bg4 Bd7 17. Ne3 Nxe3 18. fxe3 Rxf1+ 19. Kxf1 e4 20. Nxe4 Qe7 21. Nf2 Bxb2 22. Rb1 Be5 23. Rxb7 Bxg3 24. hxg3 Rf8 25. Bxd7 Qxd7 26. Kg1 Ne5 27. Qc2 a5 28. a4 Qf7 29. c5 dxc5 30. d6 Rc8 31. Qxc5 Qxf2+ 32. Kxf2 Nd3+ 33. Ke2 Nxc5 34. Rxc7 Ra8 35. Rxc5 Kf7 36. d7 Rd8 37. Rd5 Ke7 38. Kd3 1-0

[Event "Mitropa Cup"]
[Site "Corte"]
[Date "2022.05.02"]
[Round "3.3"]
[White "Sonis, Francesco"]
[Black "Gallagher, Joseph G"]
[Result "0-1"]
[WhiteElo "2539"]
[BlackElo "2441"]
[PlyCount "124"]
[EventDate "2022.04.30"]
[EventType "team-tourn"]
[EventRounds "9"]
[EventCountry "FRA"]
[SourceTitle "CBM 208 Extra"]
[Source "ChessBase"]
[SourceDate "2022.07.31"]
[SourceVersion "1"]
[SourceVersionDate "2022.07.31"]
[SourceQuality "1"]
[WhiteTeam "Italy"]
[BlackTeam "Switzerland"]
[WhiteTeamCountry "ITA"]
[BlackTeamCountry "SUI"]

1. d4 Nf6 2. c4 g6 3. Nc3 Bg7 4. g3 c6 5. e4 d6 6. Bg2 0-0 7. h3 e5 8. Nf3 Nbd7 9. 0-0 Qa5 10. Re1 exd4 11. Nxd4 Ne5 12. Bf1 Re8 13. Nc2 Be6 14. Ne3 Nxe4 15. Nxe4 Qxe1 16. Qxe1 Nf3+ 17. Kh1 Nxe1 18. Nxd6 Re7 19. Bd2 Nf3 20. Bc3 Bxc3 21. bxc3 Rd8 22. c5 b6 23. Bg2 Ng5 24. h4 bxc5 25. Ndc4 Bxc4 26. hxg5 Be6 27. Bxc6 Rd2 28. Kg1 Bxa2 29. Ng4 Kg7 30. Nf6 Re6 31. Bf3 Rxf6 32. gxf6+ Kxf6 33. Re1 Be6 34. Bc6 Ke7 35. Rb1 Kd6 36. Be4 a5 37. Rb6+ Ke5 38. Bg2 a4 39. Ra6 Rd1+ 40. Kh2 Ra1 41. f4+ Kf6 42. g4 a3 43. Bh3 a2 44. g5+ Ke7 45. Bxe6 fxe6 46. c4 Kd7 47. Kg2 Kc7 48. Ra3 Kb6 49. Ra4 Rc1 50. Rxa2 Rxc4 51. Kf3 Rd4 52. Re2 Rd6 53. Rh2 c4 54. Rxh7 c3 55. Rh1 Kc5 56. Ke4 Rd5 57. Rh8 Kc4 58. Rh2 Kb3 59. Rh7 c2 60. Rc7 Kb2 61. Rb7+ Kc3 62. Rc7+ Kd2 0-1

[Event "Mitropa Cup"]
[Site "Corte"]
[Date "2022.05.01"]
[Round "2.3"]
[White "Gallagher, Joseph G"]
[Black "Diermair, Andreas"]
[Result "1/2-1/2"]
[WhiteElo "2441"]
[BlackElo "2469"]
[PlyCount "121"]
[EventDate "2022.04.30"]
[EventType "team-tourn"]
[EventRounds "9"]
[EventCountry "FRA"]
[SourceTitle "CBM 208 Extra"]
[Source "ChessBase"]
[SourceDate "2022.07.31"]
[SourceVersion "1"]
[SourceVersionDate "2022.07.31"]
[SourceQuality "1"]
[WhiteTeam "Switzerland"]
[BlackTeam "Austria"]
[WhiteTeamCountry "SUI"]
[BlackTeamCountry "AUT"]

1. e4 c6 2. d4 d5 3. Nc3 dxe4 4. Nxe4 Nf6 5. Nxf6+ exf6 6. Be3 Qb6 7. Qc1 c5 8. Nf3 Nc6 9. c3 cxd4 10. Nxd4 Bc5 11. Nxc6 Bxe3 12. Qxe3+ Qxe3+ 13. fxe3 bxc6 14. 0-0-0 Be6 15. Be2 Ke7 16. Bf3 Rhc8 17. b3 a5 18. Rd4 Rab8 19. Be2 Rd8 20. Rhd1 Rd7 21. Rxd7+ Bxd7 22. Rd4 c5 23. Rd5 a4 24. bxa4 Bxa4 25. Rxc5 Kd6 26. Ra5 Bd7 27. c4 Bc6 28. c5+ Ke5 29. Bf3 Rc8 30. Kd2 f5 31. Kd3 Bxf3 32. gxf3 Kd5 33. c6+ Kxc6 34. Rxf5 f6 35. a4 Rb8 36. Kc2 Re8 37. e4 Rb8 38. Ra5 Rb7 39. Ra8 Rc7 40. Rd8 Ra7 41. Rd4 Ra5 42. Rc4+ Kb6 43. Kd3 Rh5 44. Rc2 Rh3 45. Rf2 g5 46. Kd4 Rh4 47. Ke3 Ka5 48. Rd2 Kxa4 49. Rd6 Rf4 50. h4 h6 51. h5 Kb5 52. Rd7 Rh4 53. Rf7 Rxh5 54. Rxf6 Kc5 55. Ra6 Rh1 56. Kf2 Kd4 57. Kg2 Rh4 58. Kg3 Ke5 59. Rb6 Rh1 60. Kg2 Rh4 61. Kg3 1/2-1/2

[Event "Gibraltar Battle of the Sexes"]
[Site "Gibraltar"]
[Date "2022.02.03"]
[Round "10.1"]
[White "Gallagher, Joseph G"]
[Black "Stefanova, Antoaneta"]
[Result "1/2-1/2"]
[WhiteElo "2447"]
[BlackElo "2469"]
[PlyCount "37"]
[EventDate "2022.01.24"]
[EventType "schev"]
[EventRounds "10"]
[EventCountry "GGB"]
[SourceTitle "CBM 206 Extra"]
[Source "ChessBase"]
[SourceDate "2022.03.31"]
[SourceVersion "1"]
[SourceVersionDate "2022.03.31"]
[SourceQuality "1"]
[WhiteTeam "Men"]
[BlackTeam "Women"]
[WhiteTeamCountry "ENG"]
[BlackTeamCountry "ENG"]

1. e4 e5 2. Nf3 Nc6 3. Bc4 Nf6 4. d3 Bc5 5. Nc3 a6 6. a4 h6 7. h3 d6 8. Be3 Nd4 9. Nd5 Nxd5 10. Bxd5 c6 11. Ba2 0-0 12. c3 Nxf3+ 13. Qxf3 Qb6 14. b4 Bxe3 15. Qxe3 Qxe3+ 16. fxe3 a5 17. Ke2 Be6 18. Bxe6 fxe6 19. bxa5 1/2-1/2

[Event "Gibraltar Battle of the Sexes"]
[Site "Gibraltar"]
[Date "2022.02.02"]
[Round "9.5"]
[White "Houska, Jovanka"]
[Black "Gallagher, Joseph G"]
[Result "1-0"]
[WhiteElo "2365"]
[BlackElo "2447"]
[PlyCount "63"]
[EventDate "2022.01.24"]
[EventType "schev"]
[EventRounds "10"]
[EventCountry "GGB"]
[SourceTitle "CBM 206 Extra"]
[Source "ChessBase"]
[SourceDate "2022.03.31"]
[SourceVersion "1"]
[SourceVersionDate "2022.03.31"]
[SourceQuality "1"]
[WhiteTeam "Women"]
[BlackTeam "Men"]
[WhiteTeamCountry "ENG"]
[BlackTeamCountry "ENG"]

1. d4 Nf6 2. Nf3 g6 3. g3 Bg7 4. Bg2 0-0 5. 0-0 d6 6. b3 c5 7. c4 d5 8. Bb2 Nc6 9. dxc5 dxc4 10. Ne5 Qa5 11. Nxc6 bxc6 12. Nd2 cxb3 13. Nxb3 Qc7 14. Nd4 Rb8 15. Rb1 Bf5 16. Nxf5 gxf5 17. Bc3 e6 18. Qd6 Qxd6 19. cxd6 Ne4 20. Bxe4 fxe4 21. Ba5 Bd4 22. Bc7 Rbc8 23. Rfc1 Be5 24. Rb7 f5 25. Rxa7 Rf7 26. Ra5 Bf6 27. Rxc6 Rd7 28. a4 Kf7 29. Kg2 Be7 30. dxe7 Rdxc7 31. e8Q+ Kxe8 32. Rxe6+ 1-0

[Event "Gibraltar Battle of the Sexes"]
[Site "Gibraltar"]
[Date "2022.02.01"]
[Round "8.9"]
[White "Gallagher, Joseph G"]
[Black "Efroimski, Marsel"]
[Result "1/2-1/2"]
[WhiteElo "2447"]
[BlackElo "2437"]
[PlyCount "75"]
[EventDate "2022.01.24"]
[EventType "schev"]
[EventRounds "10"]
[EventCountry "GGB"]
[SourceTitle "CBM 206 Extra"]
[Source "ChessBase"]
[SourceDate "2022.03.31"]
[SourceVersion "1"]
[SourceVersionDate "2022.03.31"]
[SourceQuality "1"]
[WhiteTeam "Men"]
[BlackTeam "Women"]
[WhiteTeamCountry "ENG"]
[BlackTeamCountry "ENG"]

1. e4 c5 2. Nf3 d6 3. Bb5+ Bd7 4. Bxd7+ Nxd7 5. 0-0 Ngf6 6. Qe2 e6 7. b3 Be7 8. Bb2 0-0 9. c4 Rc8 10. d4 cxd4 11. Nxd4 Qa5 12. Nc3 a6 13. Rad1 Rfe8 14. f4 Qc5 15. Kh1 Qh5 16. Nf3 e5 17. fxe5 dxe5 18. Nd5 Bd8 19. Rfe1 Nc5 20. Nxf6+ Bxf6 21. Rd5 Qg4 22. Qe3 Qf4 23. Qxf4 exf4 24. Bxf6 gxf6 25. e5 fxe5 26. Rexe5 Rxe5 27. Nxe5 b5 28. Kg1 Ne4 29. Rd4 Nc3 30. Kf1 Nxa2 31. Rxf4 Nc1 32. cxb5 axb5 33. b4 Rd8 34. g3 Rd2 35. Nxf7 Rxh2 36. Nd6 Rb2 37. Nxb5 Nd3 38. Rg4+ 1/2-1/2

[Event "Gibraltar Battle of the Sexes"]
[Site "Gibraltar"]
[Date "2022.01.26"]
[Round "3.9"]
[White "Sebag, Marie"]
[Black "Gallagher, Joseph G"]
[Result "1/2-1/2"]
[WhiteElo "2460"]
[BlackElo "2447"]
[PlyCount "46"]
[EventDate "2022.01.24"]
[EventType "schev"]
[EventRounds "10"]
[EventCountry "GGB"]
[SourceTitle "CBM 206 Extra"]
[Source "ChessBase"]
[SourceDate "2022.03.31"]
[SourceVersion "1"]
[SourceVersionDate "2022.03.31"]
[SourceQuality "1"]
[WhiteTeam "Women"]
[BlackTeam "Men"]
[WhiteTeamCountry "ENG"]
[BlackTeamCountry "ENG"]

1. e4 c5 2. Nf3 d6 3. Bb5+ Bd7 4. Bxd7+ Qxd7 5. c4 Nf6 6. Nc3 g6 7. d4 cxd4 8. Nxd4 Bg7 9. f3 0-0 10. Be3 Nc6 11. 0-0 a6 12. Qd3 Rfc8 13. b3 b5 14. cxb5 Ne5 15. Qd2 d5 16. Nc6 Nxc6 17. bxc6 Rxc6 18. e5 Ne8 19. f4 e6 20. Ne2 Bf8 21. Nd4 Rc7 22. Rac1 Rac8 23. Rxc7 Rxc7 1/2-1/2

[Event "Biel Rapid op 55th"]
[Site "Biel"]
[Date "2022.??.??"]
[Round "3"]
[White "Gallagher, Joseph G"]
[Black "Lagarde, Maxime"]
[Result "0-1"]
[WhiteElo "2425"]
[BlackElo "2653"]
[PlyCount "55"]
[EventDate "2022.07.12"]
[EventType "swiss (rapid)"]
[EventRounds "9"]
[EventCountry "SUI"]
[SourceTitle "EXT 2024"]
[Source "ChessBase"]
[SourceDate "2023.10.10"]
[SourceVersion "1"]
[SourceVersionDate "2023.10.10"]
[SourceQuality "1"]

1. e4 e5 2. Nf3 Nc6 3. Nc3 Bc5 4. Nxe5 Nxe5 5. d4 Bd6 6. dxe5 Bxe5 7. Bd3 d6 8. Be3 Nf6 9. f3 0-0 10. Qd2 c6 11. 0-0-0 d5 12. f4 Bc7 13. e5 Ng4 14. Bc5 Bb6 15. Bg1 f6 16. h3 Nh6 17. g4 fxe5 18. fxe5 Nf7 19. Re1 Ng5 20. Be2 Be6 21. h4 Nf7 22. Bh2 Nh6 23. g5 Nf5 24. Bg1 Ba5 25. Qd1 Bxc3 26. bxc3 Qa5 27. Qd3 Qa3+ 28. Kd2 0-1

[Event "Biel Rapid op 55th"]
[Site "Biel"]
[Date "2022.??.??"]
[Round "6"]
[White "Gallagher, Joseph G"]
[Black "Mohammad, Nubairshah Shaikh"]
[Result "0-1"]
[WhiteElo "2425"]
[BlackElo "2240"]
[PlyCount "38"]
[EventDate "2022.07.12"]
[EventType "swiss (rapid)"]
[EventRounds "9"]
[EventCountry "SUI"]
[SourceTitle "EXT 2024"]
[Source "ChessBase"]
[SourceDate "2023.10.10"]
[SourceVersion "1"]
[SourceVersionDate "2023.10.10"]
[SourceQuality "1"]

1. e4 c6 2. d4 d5 3. Nc3 dxe4 4. Nxe4 Bf5 5. Ng3 Bg6 6. Nf3 Nd7 7. Bc4 e6 8. 0-0 Ngf6 9. Re1 Be7 10. Nh4 Nb6 11. Bb3 c5 12. c3 cxd4 13. cxd4 0-0 14. Nxg6 hxg6 15. Qf3 Nbd5 16. Bg5 Rc8 17. h4 Qb6 18. Rad1 Rfd8 19. Re5 Rd7 0-1

[Event "SUI-ch 120th"]
[Site "Flims"]
[Date "2021.07.15"]
[Round "8"]
[White "Gallagher, Joseph G"]
[Black "Klauser, Markus"]
[Result "1-0"]
[WhiteElo "2436"]
[BlackElo "2400"]
[PlyCount "77"]
[EventDate "2021.07.08"]
[EventType "tourn"]
[EventRounds "9"]
[EventCountry "SUI"]
[EventCategory "5"]
[SourceTitle "CBM 203 Extra"]
[Source "ChessBase"]
[SourceDate "2021.09.30"]
[SourceVersion "1"]
[SourceVersionDate "2021.09.30"]
[SourceQuality "1"]

1. e4 e5 2. Nf3 Nc6 3. Bb5 a6 4. Ba4 Nf6 5. 0-0 Be7 6. Re1 b5 7. Bb3 d6 8. c3 0-0 9. d4 Bg4 10. Be3 Bh5 11. h3 exd4 12. cxd4 Na5 13. Bc2 Nc4 14. Bc1 c5 15. b3 Nb6 16. Nbd2 cxd4 17. Bb2 d3 18. Bxd3 Nfd7 19. g4 Bg6 20. Nd4 Ne5 21. Bf1 Bg5 22. N2f3 Nxf3+ 23. Qxf3 Rc8 24. Rad1 Re8 25. Nf5 Bxf5 26. exf5 Rxe1 27. Rxe1 d5 28. a4 bxa4 29. Bxa6 Rb8 30. Bb5 Qf8 31. bxa4 h5 32. Ba3 hxg4 33. hxg4 Qd8 34. Re8+ Qxe8 35. Bxe8 Rxe8 36. a5 Nc4 37. Qxd5 Nxa3 38. a6 Nc2 39. a7 1-0

[Event "SUI-ch 120th"]
[Site "Flims"]
[Date "2021.07.11"]
[Round "4"]
[White "Baenziger, Fabian"]
[Black "Gallagher, Joseph G"]
[Result "1/2-1/2"]
[WhiteElo "2392"]
[BlackElo "2436"]
[PlyCount "46"]
[EventDate "2021.07.08"]
[EventType "tourn"]
[EventRounds "9"]
[EventCountry "SUI"]
[EventCategory "5"]
[SourceTitle "CBM 203 Extra"]
[Source "ChessBase"]
[SourceDate "2021.09.30"]
[SourceVersion "1"]
[SourceVersionDate "2021.09.30"]
[SourceQuality "1"]

1. d4 Nf6 2. c4 g6 3. Nc3 Bg7 4. e4 d6 5. Nf3 0-0 6. Be2 e5 7. 0-0 Na6 8. Be3 c6 9. d5 Ng4 10. Bg5 f6 11. Bh4 c5 12. Ne1 Nh6 13. f3 Nf7 14. Nd3 Qd7 15. a3 f5 16. Bf2 Bh6 17. b4 b6 18. Kh1 Qe7 19. Rb1 Kh8 20. Qe1 Bd7 21. a4 cxb4 22. Nxb4 Nc5 23. a5 Rfc8 1/2-1/2

[Event "SUI-ch 119th"]
[Site "Leukerbad"]
[Date "2019.07.17"]
[Round "7"]
[White "Gallagher, Joseph G"]
[Black "Fischer, Daniel1111"]
[Result "1-0"]
[WhiteElo "2437"]
[BlackElo "2287"]
[PlyCount "51"]
[EventDate "2019.07.11"]
[EventType "tourn"]
[EventRounds "9"]
[EventCountry "SUI"]
[EventCategory "6"]
[SourceTitle "EXT 2020"]
[Source "ChessBase"]
[SourceDate "2019.10.17"]
[SourceVersion "1"]
[SourceVersionDate "2019.10.17"]
[SourceQuality "1"]

1. e4 e5 2. Nf3 Nc6 3. Bb5 a6 4. Ba4 Nf6 5. d3 b5 6. Bb3 Bc5 7. Nc3 d6 8. Nd5 h6 9. c3 0-0 10. Nxf6+ Qxf6 11. Bd5 Bd7 12. Rg1 Kh7 13. g4 Qe7 14. g5 g6 15. gxh6 Rab8 16. h4 Nd8 17. h5 Be8 18. Bg5 f6 19. hxg6+ Bxg6 20. Bd2 Ne6 21. Nh4 Ng5 22. Qg4 Qe8 23. d4 exd4 24. Bxg5 f5 25. Qg3 dxc3 26. Qxc3 1-0